000 00632nam a2200205 u 4500
005 20240314063645.0
008 121019s2006 r 000 0 eng d
020 _a8484524248
035 _aUPN01000187732
049 _aI
050 4 _aPZ7
_bW6.4
100 1 _aWojtowicz, Jen
_932725
245 1 3 _aEl jardín de Hugo /
_cJen Wojtowicz ; tr. Fina Marfa ; il. Steve Adams.
260 _aBarcelona, Esp. :
_bIntermón Oxfam,
_c2006.
300 _a[30] p. :
_bil. col.
534 _pTítulo original:
_tThe boy who grew flowers
650 4 _aCuentos infantiles estadounidenses
_910762
905 _aInfantil
999 _c159835
_d159835